| 000 | 00564nam a2200169 4500 | ||
|---|---|---|---|
| 001 | 138418 | ||
| 003 | ES-MaACL | ||
| 005 | 20230906195548.0 | ||
| 007 | t| | ||
| 008 | 070214s1960 sp r ||||1| spa d | ||
| 100 | 1 |
_aSandoval Mulleras, Agustín. _9103113 |
|
| 245 | 1 | 0 |
_aHistoria de mi pueblo _b: la muy noble y muy leal ciudad de Villarrobledo / _cpor Agustín Sandoval Mulleras. |
| 250 | _a1ª ed. | ||
| 260 |
_aAlbacete : _b[s. n.], _c1960 ( _fImp. Fuentes) |
||
| 300 |
_a392 p., 3 lám. : _bil. ; _c22 cm + _e2 map. |
||
| 852 |
_aES-MaACL _jC-20093 _bR.48240 |
||
| 999 |
_c138418 _d138418 |
||